Legends in MLB The Show 16 - Statistics

General Stats
  • This quiz has been taken 78 times
  • The average score is 8 of 55
Answer Stats
Hint Answer % Correct
99 Ted Williams
66%
99 Jackie Robinson
48%
96 Nolan Ryan
42%
98 Johnny Bench
40%
99 Mike Schmidt
35%
99 Tom Seaver
35%
95 Cal Ripken Jr.
29%
91 Reggie Jackson
27%
97 Al Kaline
23%
94 George Brett
21%
96 Jeff Bagwell
21%
95 Yogi Berra
21%
94 Dave Winfield
19%
93 Ernie Banks
19%
95 Tony Gwynn
19%
99 Joe Morgan
18%
93 Ozzie Smith
18%
93 Rollie Fingers
18%
93 Robin Yount
15%
94 Barry Larkin
13%
90 Harmon Killebrew
13%
87 Joe Carter
13%
94 Orlando Cepeda
13%
84 Rod Carew
13%
90 Willie Stargell
13%
94 Bert Blyleven
11%
94 Bret Saberhagen
11%
88 Brooks Robinson
11%
93 Edgar Martinez
11%
83 Fred McGriff
11%
93 Gary Carter
11%
94 Ryne Sandberg
11%
95 Andre Dawson
10%
86 Carlton Fisk
10%
92 Cliff Floyd
10%
92 Catfish Hunter
8%
85 Dante Bichette
8%
94 Gaylord Perry
8%
89 Kenny Lofton
8%
92 Phil Niekro
8%
93 Ralph Kiner
8%
93 Billy Wagner
6%
89 Jack McDowell
6%
90 Jack Morris
6%
90 Jim Edmonds
6%
94 Juan Marichal
6%
89 Luis Tiant
6%
91 Orel Hershiser
6%
91 Steve Finley
5%
92 Will Clark
5%
94 Dennis Eckerlsey
3%
93 Luiz Gonzalez
3%
92 Mike Scott
3%
89 Paul Konerko
3%
92 Eddie Matthews
2%
No matching quizzes found
Score Distribution
Percent of People with Each Score
Percentile by Number Answered
Your Score History
You have not taken this quiz